000 00250nam a2200109Ia 4500
008 200302s9999 xx 000 0 und d
100 _aSunil Baghla
245 _aUrban Geography
260 _bPublished by Book enclave
260 _c2018
300 _a254
999 _c6045
_d6045